00420nam a2200193Ia 4500003000900000008004100009040001300050040001300063041000800076100002200084245003300106250001600139260002600155260001000181300001100191300000800202300001000210490000600220IT-RoPAU120407s9999 xx 000 0 und d aIT-RoPAU cIT-RoPAU aeng aGiacomo Alberione aMary, Queen of the Apostles. aDerby (N.Y) aDaughters of St. Paul c1956  a348 p. bill c21 cm v1